On This Day (March 12th) Multiple Choice - Statistics

General Stats
  • This quiz has been taken 10 times
    3 since last reset
  • The average score is 8 of 16
Answer Stats
Question Answer % Correct
1930 – Mahatma Gandhi begins a 200-mile march to the sea to protest against what ? British monopoly on Salt
100%
1928 – The St. Francis Dam fails; the resulting floods kill 431 people in which State ? California
100%
1947 – The Truman Doctrine is proclaimed to help stem the spread of what ? Communism
100%
2003 – The World Health Organization officially release a global warning of outbreaks of which virus ? SARS
100%
2009 – Which financier pleads guilty to one of the largest frauds in Wall Street's history ? Bernard Madoff
67%
1967 – Suharto takes power from Sukarno when the People's Consultative Assembly inaugurate him as Acting President of which Asian country ? Indonesia
67%
1999 – Former Warsaw Pact members the Czech Republic, Hungary and Poland join which organisation ? NATO
67%
538 – Vitiges, king of the Ostrogoths ends his siege of Rome and retreats to which Italian city ? Ravenna
67%
1918 – Moscow becomes the capital of Russia again after Saint Petersburg had held this status for how many years ? 215
33%
1950 – The Llandow air disaster kills 80 people when their aircraft crashes in South Wales. At the time the world's deadliest air disaster. What type of airplane crashed ? Avro Tudor V
33%
1622 – Ignatius of Loyola and Francis Xavier, founders of which religious order are canonized by the Roman Catholic Church ? Society of Jesus
33%
1894 - Coca-Cola is sold in bottles for the first time in a candy store in which city ? Vicksburg, Mississippi
33%
1773 - Jeanne Baptiste Pointe de Sable founds a settlement now known as what ? Chicago
0%
2020 - Due to Covid-19 the United States suspends travel from which continent? Europe
0%
1969 – Graham Coxon, English singer-songwriter and guitarist, founder member of Britpop band Blur, is born in which country ? Germany
0%
1968 – Which island nation achieves independence from the United Kingdom ? Mauritius
0%
No matching quizzes found
Score Distribution
Percent of People with Each Score
Percentile by Number Answered
Your Score History
You have not taken this quiz since the last reset